[Event "Arco op 45th"]
[Site "Arco"]
[Date "2023.10.15"]
[Round "9"]
[White "Pauw, Martijn"]
[Black "Zucchelli, Massimo"]
[Result "1/2-1/2"]
[WhiteElo "1952"]
[BlackElo "2060"]
[PlyCount "134"]
[EventDate "2023.10.07"]
[EventType "swiss"]
[EventRounds "9"]
[EventCountry "ITA"]
[SourceTitle "Mega2024 Update 01"]
[Source "Chessbase"]
[SourceDate "2023.11.12"]
[SourceVersion "1"]
[SourceVersionDate "2023.11.12"]
[SourceQuality "1"]

1. e4 e6 2. d4 d5 3. Nc3 Bb4 4. Nge2 Nc6 5. a3 Ba5 6. b4 Bb6 7. Bb2 Nf6 8. e5 Nd7 9. Na4 0-0 10. Nc5 a5 11. c3 Bxc5 12. bxc5 b6 13. Qa4 Bb7 14. cxb6 Nxb6 15. Qc2 a4 16. Nf4 Ba6 17. Bxa6 Rxa6 18. Nd3 Ra8 19. Nc5 Nb8 20. 0-0 N8d7 21. Nd3 Nc4 22. Rae1 c5 23. f4 Qb6 24. Rf2 cxd4 25. cxd4 g6 26. Nb4 Rfc8 27. Qd3 Qd8 28. Bc1 Nf8 29. g4 Qh4 30. Qf3 Ra7 31. Rd1 f5 32. g5 h6 33. gxh6 Qxh6 34. Rg2 Nb6 35. Be3 Rh7 36. Kh1 Qh5 37. Qxh5 Rxh5 38. Rc1 Rxc1+ 39. Bxc1 Rh3 40. Rg3 Rh7 41. Rc3 Nc4 42. Kg2 Rb7 43. Kf1 Nd7 44. Ke2 Ndb6 45. Nc6 Rd7 46. Rg3 Kf7 47. h4 Rc7 48. Nd8+ Ke7 49. Nxe6 Kxe6 50. Rxg6+ Kf7 51. Rf6+ Kg7 52. Rxf5 Nxe5 53. dxe5 Rxc1 54. e6 Rc7 55. Rg5+ Kf6 56. Kd3 Rc4 57. Rxd5 Rxf4 58. Rb5 Nc4 59. Kc3 Nxa3 60. Rb4 Rf3+ 61. Kb2 Kxe6 62. Rxa4 Nb5 63. Rb4 Nd6 64. Kc2 Rh3 65. Kd2 Kf5 66. Ra4 Ne4+ 67. Kc2 Kf4 1/2-1/2

[Event "Arco op 45th"]
[Site "Arco"]
[Date "2023.10.13"]
[Round "7"]
[White "Luciani, Carlo"]
[Black "Zucchelli, Massimo"]
[Result "1-0"]
[WhiteElo "2172"]
[BlackElo "2060"]
[PlyCount "135"]
[EventDate "2023.10.07"]
[EventType "swiss"]
[EventRounds "9"]
[EventCountry "ITA"]
[SourceTitle "Mega2024 Update 01"]
[Source "Chessbase"]
[SourceDate "2023.11.12"]
[SourceVersion "1"]
[SourceVersionDate "2023.11.12"]
[SourceQuality "1"]

1. e4 e6 2. d4 d5 3. Nd2 c5 4. exd5 exd5 5. Ngf3 Nf6 6. Bb5+ Bd7 7. Bxd7+ Nbxd7 8. 0-0 Be7 9. dxc5 Nxc5 10. Nd4 0-0 11. N2f3 Nce4 12. c3 Bc5 13. Qb3 Bb6 14. h3 Qd6 15. Be3 Nc5 16. Qa3 Nfe4 17. Rad1 Rad8 18. Nc2 Ne6 19. Rfe1 f5 20. Nb4 Bxe3 21. Rxe3 Qc5 22. Nc2 Qb6 23. Qb3 Qxb3 24. axb3 N6c5 25. Nfd4 Rd7 26. f3 f4 27. Ree1 Nf6 28. Re2 Re8 29. Rde1 Rxe2 30. Rxe2 h6 31. b4 Nd3 32. Ne1 Nxe1 33. Rxe1 Kf7 34. b5 a6 35. bxa6 bxa6 36. Ra1 Rd6 37. Ra4 Rb6 38. b4 Ne8 39. Ra5 Nc7 40. Rc5 Nb5 41. Ne2 g5 42. Rxd5 Re6 43. Rd2 Re3 44. c4 Na3 45. c5 Nb5 46. Nd4 Re1+ 47. Kf2 Rb1 48. Nc2 Rb3 49. g3 fxg3+ 50. Kxg3 Kg6 51. Rd8 Rc3 52. Nd4 Nxd4 53. Rxd4 a5 54. bxa5 Rxc5 55. Ra4 Rc7 56. a6 Ra7 57. Ra5 Kf6 58. Kg4 Kg6 59. h4 gxh4 60. Kxh4 h5 61. f4 Ra8 62. a7 Kg7 63. Kxh5 Kf6 64. f5 Kf7 65. Ra6 Ke7 66. Kg6 Rg8+ 67. Kh7 Ra8 68. Kg7 1-0

[Event "Arco op 45th"]
[Site "Arco"]
[Date "2023.10.11"]
[Round "5"]
[White "Von Wantoch Rekowski, Markus"]
[Black "Zucchelli, Massimo"]
[Result "0-1"]
[WhiteElo "1866"]
[BlackElo "2060"]
[PlyCount "42"]
[EventDate "2023.10.07"]
[EventType "swiss"]
[EventRounds "9"]
[EventCountry "ITA"]
[SourceTitle "Mega2024 Update 01"]
[Source "Chessbase"]
[SourceDate "2023.11.12"]
[SourceVersion "1"]
[SourceVersionDate "2023.11.12"]
[SourceQuality "1"]

1. e4 e6 2. d4 d5 3. Bd3 dxe4 4. Bxe4 Nf6 5. Bf3 Nbd7 6. Ne2 e5 7. dxe5 Nxe5 8. Qxd8+ Kxd8 9. Nd2 Bd6 10. 0-0 Re8 11. Ng3 Ke7 12. Be2 Kf8 13. Nc4 Nxc4 14. Bxc4 Be6 15. Bd3 Bc5 16. Bd2 Bd4 17. c3 Bb6 18. Bg5 h6 19. Bxf6 gxf6 20. Nh5 Rad8 21. Rad1 Bg4 0-1

[Event "Forni di Sopra op 14th"]
[Site "Forni di Sopra"]
[Date "2023.06.17"]
[Round "9"]
[White "Cluyts, Marc"]
[Black "Zucchelli, Massimo"]
[Result "1/2-1/2"]
[WhiteElo "1915"]
[BlackElo "2141"]
[PlyCount "80"]
[EventDate "2023.06.10"]
[EventType "swiss"]
[EventRounds "9"]
[EventCountry "ITA"]
[SourceTitle "CBM 214 Extra"]
[Source "ChessBase"]
[SourceDate "2023.07.31"]
[SourceVersion "1"]
[SourceVersionDate "2023.07.31"]
[SourceQuality "1"]

1. e4 e6 2. d4 d5 3. Nc3 Nf6 4. Bg5 Bb4 5. e5 h6 6. Bd2 Bxc3 7. bxc3 Ne4 8. Qg4 g6 9. h4 h5 10. Qf4 Nxd2 11. Qxd2 c5 12. Nf3 Qa5 13. Be2 Nc6 14. dxc5 Qxc5 15. Rb1 b6 16. 0-0 Bd7 17. Rfd1 Na5 18. Rb4 Rc8 19. Ba6 Rc7 20. c4 dxc4 21. Bb5 Qe7 22. Qc3 Bxb5 23. Rxb5 0-0 24. Qe3 Rd8 25. Rxd8+ Qxd8 26. Rb1 Kg7 27. Ng5 Nc6 28. Qf4 Nd4 29. Re1 Nf5 30. g4 hxg4 31. h5 gxh5 32. Ne4 Rd7 33. Nf6 Rd1 34. Qg5+ Kf8 35. Nh7+ Ke8 36. Nf6+ Kf8 37. Nh7+ Ke8 38. Nf6+ Kf8 39. Nh7+ Ke8 40. Nf6+ Kf8 1/2-1/2

[Event "Arco op 41st"]
[Site "Arco"]
[Date "2019.10.11"]
[Round "8"]
[White "Verrascina, Roberto"]
[Black "Zucchelli, Massimo"]
[Result "1/2-1/2"]
[WhiteElo "2100"]
[BlackElo "2177"]
[PlyCount "25"]
[EventDate "2019.10.04"]
[EventType "swiss"]
[EventRounds "9"]
[EventCountry "ITA"]
[SourceTitle "EXT 2020"]
[Source "ChessBase"]
[SourceDate "2019.10.17"]
[SourceVersion "1"]
[SourceVersionDate "2019.10.17"]
[SourceQuality "1"]

1. d4 d5 2. Bg5 h6 3. Bh4 c6 4. e3 Qb6 5. b3 e5 6. Nf3 exd4 7. exd4 Be7 8. Bxe7 Nxe7 9. Bd3 0-0 10. 0-0 Bg4 11. Re1 Nf5 12. c3 Nd7 13. h3 1/2-1/2

[Event "Arco op 41st"]
[Site "Arco"]
[Date "2019.10.07"]
[Round "4"]
[White "Morselli, Stefano"]
[Black "Zucchelli, Massimo"]
[Result "0-1"]
[WhiteElo "1754"]
[BlackElo "2177"]
[PlyCount "85"]
[EventDate "2019.10.04"]
[EventType "swiss"]
[EventRounds "9"]
[EventCountry "ITA"]
[SourceTitle "EXT 2020"]
[Source "ChessBase"]
[SourceDate "2019.10.17"]
[SourceVersion "1"]
[SourceVersionDate "2019.10.17"]
[SourceQuality "1"]

1. e4 e6 2. d3 c5 3. Nd2 Nc6 4. g3 g6 5. Bg2 Bg7 6. Ngf3 Nge7 7. 0-0 0-0 8. Re1 d6 9. Nf1 b6 10. h4 h6 11. N1h2 e5 12. Bd2 Kh7 13. c3 Be6 14. h5 Qd7 15. Nh4 g5 16. N4f3 Rad8 17. Bxg5 hxg5 18. Nxg5+ Kg8 19. h6 Bxh6 20. Qh5 Bxg5 21. Qxg5+ Ng6 22. f4 Qe7 23. Qh6 exf4 24. Nf3 Qf6 25. gxf4 Qxf4 26. Ng5 Qh4 27. Qxh4 Nxh4 28. Re3 Rfe8 29. Rg3 Ng6 30. Rf1 Kg7 31. Bh3 Rd7 32. Bf5 Rde7 33. Rf2 Nd8 34. d4 Bxf5 35. exf5 Re1+ 36. Kg2 Nh4+ 37. Kh3 Rh1+ 38. Rh2 Rxh2+ 39. Kxh2 Nxf5 40. Rg2 Kf6 41. Nh7+ Ke7 42. Re2+ Ne6 43. Ng5 0-1

[Event "Arco op 40th"]
[Site "Arco"]
[Date "2018.10.17"]
[Round "5"]
[White "Di Benedetto, Edoardo"]
[Black "Zucchelli, Massimo"]
[Result "1-0"]
[WhiteElo "2303"]
[BlackElo "2159"]
[PlyCount "117"]
[EventDate "2018.10.13"]
[EventType "swiss"]
[EventRounds "9"]
[EventCountry "ITA"]
[SourceTitle "CBM 186 Extra"]
[Source "ChessBase"]
[SourceDate "2018.08.24"]
[SourceVersion "1"]
[SourceVersionDate "2018.08.24"]
[SourceQuality "1"]

1. Nf3 d5 2. e3 Nf6 3. c4 e6 4. d4 Be7 5. Nc3 0-0 6. Be2 Nbd7 7. 0-0 dxc4 8. Bxc4 c5 9. Re1 a6 10. a4 cxd4 11. exd4 Bb4 12. Bg5 Qa5 13. Qb3 b6 14. Ne5 Bxc3 15. bxc3 Nxe5 16. dxe5 Nd7 17. Be7 Nc5 18. Qb4 Qxb4 19. cxb4 Re8 20. bxc5 Rxe7 21. cxb6 a5 22. Red1 Bb7 23. Rd6 g6 24. Rad1 Kf8 25. h3 Rb8 26. Rd8+ Re8 27. Rxe8+ Rxe8 28. Bb5 Rb8 29. Rd6 Bd5 30. Ba6 Ke7 31. f4 f6 32. b7 g5 33. g3 h5 34. h4 gxf4 35. gxf4 Bxb7 36. Bb5 fxe5 37. fxe5 Rg8+ 38. Kf2 Bc8 39. Rc6 Kd8 40. Rc3 Rg4 41. Rc4 Rxc4 42. Bxc4 Bd7 43. Bb3 Kc7 44. Bd1 Kc6 45. Ke3 Kc5 46. Bxh5 Bxa4 47. Bg6 Kd5 48. Kf4 Bd1 49. h5 a4 50. h6 a3 51. Bb1 Kd4 52. h7 Bc2 53. h8Q Bxb1 54. Qd8+ Kc3 55. Qc8+ Kb2 56. Qxe6 Bc2 57. Qb6+ Bb3 58. Qd4+ Kc2 59. Qa1 1-0

[Event "Spilimbergo op 16th"]
[Site "Spilimbergo"]
[Date "2018.08.13"]
[Round "6"]
[White "Borgo, Giulio"]
[Black "Zucchelli, Massimo"]
[Result "1-0"]
[WhiteElo "2400"]
[BlackElo "2144"]
[PlyCount "33"]
[EventDate "2018.08.10"]
[EventType "swiss"]
[EventRounds "9"]
[EventCountry "ITA"]
[SourceTitle "CBM 186 Extra"]
[Source "ChessBase"]
[SourceDate "2018.08.24"]
[SourceVersion "1"]
[SourceVersionDate "2018.08.24"]
[SourceQuality "1"]

1. c4 e6 2. Nc3 d5 3. d4 Be7 4. Bf4 Nf6 5. e3 0-0 6. Rc1 c5 7. Nf3 cxd4 8. exd4 Nc6 9. a3 Ne4 10. Bd3 f5 11. cxd5 Nxc3 12. Rxc3 exd5 13. Bb5 Qb6 14. Bxc6 bxc6 15. 0-0 Qxb2 16. Rb3 Qa2 17. Re1 1-0

[Event "Ortisei Server24 op 4th"]
[Site "Ortisei"]
[Date "2018.06.24"]
[Round "9"]
[White "Tan, Justin Hy"]
[Black "Zucchelli, Massimo"]
[Result "1-0"]
[WhiteElo "2484"]
[BlackElo "2089"]
[PlyCount "49"]
[EventDate "2018.06.16"]
[EventType "tourn"]
[EventRounds "9"]
[EventCountry "ITA"]
[SourceTitle "CBM 185 Extra"]
[Source "ChessBase"]
[SourceDate "2018.07.29"]
[SourceVersion "1"]
[SourceVersionDate "2018.07.29"]
[SourceQuality "1"]

1. Nf3 d5 2. e3 Nf6 3. c4 c6 4. d4 e6 5. Bd3 Nbd7 6. 0-0 Bd6 7. Nc3 0-0 8. e4 dxe4 9. Nxe4 Nxe4 10. Bxe4 Nf6 11. Bc2 h6 12. b3 b6 13. Bb2 Bb7 14. Qd3 Re8 15. Rfe1 Qc7 16. c5 bxc5 17. dxc5 Bxc5 18. Bxf6 gxf6 19. Qh7+ Kf8 20. Nh4 Ke7 21. Rad1 Bxf2+ 22. Kxf2 Qf4+ 23. Kg1 Qxh4 24. Rxe6+ Kxe6 25. Qf5+ 1-0

[Event "Treviso Lega Master op 2nd"]
[Site "Treviso"]
[Date "2018.04.03"]
[Round "3"]
[White "Ghods, Maziar"]
[Black "Zucchelli, Massimo"]
[Result "1-0"]
[WhiteElo "2015"]
[BlackElo "2090"]
[PlyCount "124"]
[EventDate "2018.03.02"]
[EventType "swiss"]
[EventRounds "5"]
[EventCountry "ITA"]
[SourceTitle "EXT 2022"]
[Source "ChessBase"]
[SourceDate "2021.10.06"]
[SourceVersion "1"]
[SourceVersionDate "2021.10.06"]
[SourceQuality "1"]

1. d4 d5 2. Bg5 c6 3. e3 Qb6 4. Nd2 Qxb2 5. Ngf3 e6 6. Bd3 Nf6 7. 0-0 Nbd7 8. c4 Qa3 9. Qe2 Be7 10. Rab1 Qa5 11. cxd5 Nxd5 12. Nc4 Qc7 13. Rfc1 Bxg5 14. Nxg5 N7f6 15. g3 h6 16. Nf3 Qe7 17. e4 Nb4 18. e5 Nxd3 19. Qxd3 Nd5 20. Nd6+ Kf8 21. Rb2 g6 22. h4 Kg7 23. Nd2 Rd8 24. N2e4 Rd7 25. Qf3 Rc7 26. Nf6 Bd7 27. Nde4 Rac8 28. h5 b6 29. Rbc2 Nb4 30. Rc4 Nxa2 31. Rb1 b5 32. Rc5 a5 33. Qa3 Nb4 34. Qxa5 Nd5 35. Nxd5 exd5 36. Nd6 Be8 37. Nxc8 Rxc8 38. hxg6 Qe6 39. Qd2 Qf5 40. Re1 Qxg6 41. Qf4 Bd7 42. Rcc1 Bf5 43. f3 b4 44. g4 Bd3 45. Red1 b3 46. Qf6+ Kg8 47. Qxg6+ Bxg6 48. Rd2 Rb8 49. Rb2 Rb4 50. Rc3 Bc2 51. Rcxc2 bxc2 52. Rxc2 Rxd4 53. Rxc6 Kg7 54. Kf2 Rd1 55. Ke2 Rd4 56. Rd6 Kh7 57. Ke3 Rd1 58. Rf6 Kg7 59. Rd6 Re1+ 60. Kf4 Rd1 61. Kf5 Rd4 62. Rd7 Kf8 1-0

[Event "Treviso Lega Master op 2nd"]
[Site "Treviso"]
[Date "2018.04.03"]
[Round "2"]
[White "Zucchelli, Massimo"]
[Black "Ceschia, Ivano"]
[Result "0-1"]
[WhiteElo "2090"]
[BlackElo "2296"]
[PlyCount "60"]
[EventDate "2018.03.02"]
[EventType "swiss"]
[EventRounds "5"]
[EventCountry "ITA"]
[SourceTitle "EXT 2022"]
[Source "ChessBase"]
[SourceDate "2021.10.06"]
[SourceVersion "1"]
[SourceVersionDate "2021.10.06"]
[SourceQuality "1"]

1. d4 Nf6 2. c4 e6 3. Nf3 b6 4. g3 Bb7 5. Bg2 Bb4+ 6. Bd2 Bxd2+ 7. Qxd2 0-0 8. Nc3 Ne4 9. Nxe4 Bxe4 10. 0-0 d6 11. Nh4 Bxg2 12. Nxg2 Nd7 13. e4 e5 14. Ne3 exd4 15. Qxd4 Re8 16. f3 Ne5 17. Kg2 Qd7 18. Rad1 Rad8 19. Nf5 f6 20. b3 Nf7 21. Rfe1 Re5 22. g4 Qe8 23. Ne3 c6 24. Rf1 g6 25. Rf2 Kg7 26. Rfd2 Ng5 27. Nf1 Nf7 28. Qf2 Qe7 29. h4 h6 30. Qg3 Qc7 0-1

[Event "Kaltern Trophy-A 2nd"]
[Site "Kaltern"]
[Date "2017.10.29"]
[Round "5"]
[White "Zucchelli, Massimo"]
[Black "Niederstatter, Harald"]
[Result "1-0"]
[WhiteElo "2108"]
[BlackElo "2005"]
[PlyCount "41"]
[EventDate "2017.10.27"]
[EventType "swiss"]
[EventRounds "5"]
[EventCountry "ITA"]
[SourceTitle "CBM 181 Extra"]
[Source "ChessBase"]
[SourceDate "2017.12.12"]
[SourceVersion "1"]
[SourceVersionDate "2017.12.12"]
[SourceQuality "1"]

1. d4 d6 2. Nf3 Bg4 3. c4 c6 4. Nc3 Nd7 5. g3 Bxf3 6. exf3 e6 7. Be2 d5 8. b3 Bd6 9. f4 Ne7 10. 0-0 h5 11. Bxh5 dxc4 12. bxc4 Qa5 13. Ne4 Bc7 14. Ng5 g6 15. Bf3 Nf5 16. d5 cxd5 17. Bb2 d4 18. Bxd4 Nxd4 19. Qxd4 0-0-0 20. Qb2 Nc5 21. Nxf7 1-0

[Event "Treviso op-A 1st"]
[Site "Treviso"]
[Date "2017.03.19"]
[Round "4.19"]
[White "Zucchelli, Massimo"]
[Black "Ivekovic, Benjamin"]
[Result "1-0"]
[WhiteElo "2134"]
[BlackElo "2005"]
[PlyCount "107"]
[EventDate "2017.03.17"]
[EventType "swiss"]
[EventRounds "5"]
[EventCountry "ITA"]
[SourceTitle "EXT 2024"]
[Source "ChessBase"]
[SourceDate "2023.10.10"]
[SourceVersion "1"]
[SourceVersionDate "2023.10.10"]
[SourceQuality "1"]

1. d4 g6 2. c4 Bg7 3. Nc3 d6 4. e4 Nc6 5. Be3 e5 6. d5 Nce7 7. h4 f5 8. h5 f4 9. Bd2 g5 10. g4 fxg3 11. fxg3 h6 12. Be2 Nf6 13. Nh3 Bxh3 14. Rxh3 Qd7 15. g4 Nc8 16. Rg3 Nb6 17. Bd3 0-0 18. Qe2 c6 19. 0-0-0 Nh7 20. Bc2 c5 21. Rgg1 Rf7 22. Rdf1 Raf8 23. Rf5 a6 24. Rgf1 Bf6 25. Nd1 Nc8 26. Ne3 Ne7 27. R5f2 b5 28. Bd3 Rb8 29. Kb1 Qb7 30. Ba5 Kg7 31. Qf3 Qd7 32. Ka1 Rb7 33. Rb1 Rf8 34. b4 bxc4 35. Bxc4 cxb4 36. Bxb4 Ra8 37. Rfb2 Rba7 38. Qe2 Kg8 39. Ba5 Nc8 40. Nf5 Bg7 41. Rb8 Nf6 42. Rxa8 Rxa8 43. Bc3 a5 44. Bb5 Qc7 45. Bc6 Ra7 46. Bd2 Nd7 47. Be3 Ndb6 48. Qf2 Ra6 49. Rc1 Qb8 50. Nxg7 Kxg7 51. Rf1 Na7 52. Qf6+ Kh7 53. Qg6+ Kh8 54. Rf7 1-0

[Event "Arco op 38th"]
[Site "Arco"]
[Date "2016.10.16"]
[Round "9"]
[White "Zucchelli, Massimo"]
[Black "Sumets, Andrey"]
[Result "0-1"]
[WhiteElo "2166"]
[BlackElo "2562"]
[PlyCount "156"]
[EventDate "2016.10.08"]
[EventType "swiss"]
[EventRounds "9"]
[EventCountry "ITA"]
[SourceTitle "EXT 2017"]
[Source "ChessBase"]
[SourceDate "2016.10.25"]
[SourceVersion "1"]
[SourceVersionDate "2016.10.25"]
[SourceQuality "1"]

1. d4 d5 2. c4 c6 3. Nf3 Nf6 4. e3 e6 5. b3 Nbd7 6. Bb2 Be7 7. Bd3 0-0 8. 0-0 b6 9. Nc3 Bb7 10. Qe2 c5 11. Rac1 cxd4 12. Nxd4 Ne5 13. Rfd1 Nxd3 14. Qxd3 Rc8 15. cxd5 Nxd5 16. Nf5 exf5 17. Nxd5 Qxd5 18. Qxd5 Bxd5 19. Rxd5 Bf6 20. Ba3 Rxc1+ 21. Bxc1 Rc8 22. Bd2 Rc2 23. Kf1 Rxa2 24. Bc3 Ra3 25. Bxf6 gxf6 26. b4 Ra4 27. b5 f4 28. Ke2 Ra2+ 29. Kf3 fxe3 30. Kxe3 Kg7 31. g4 Ra5 32. Rf5 Ra3+ 33. Ke4 Ra4+ 34. Kf3 Rd4 35. h3 Rd3+ 36. Kg2 Rb3 37. f3 Kf8 38. Kg3 Rb2 39. h4 Rb4 40. Rh5 Kg7 41. Rd5 Rc4 42. Rd7 Rc5 43. Rxa7 Rxb5 44. Kf4 f5 45. g5 Rb4+ 46. Kxf5 Rxh4 47. f4 Rh1 48. Rb7 Rb1 49. Rb8 Rb5+ 50. Kg4 h6 51. gxh6+ Kxh6 52. Rd8 Kg7 53. Rd6 Kf8 54. Rd7 Rc5 55. Rb7 Rc6 56. f5 Kg7 57. Kg5 Rh6 58. Rc7 Rd6 59. Rb7 Kf8 60. Rb8+ Kg7 61. Rb7 Rc6 62. Ra7 Rc1 63. f6+ Kg8 64. Ra8+ Kh7 65. Rb8 Rc5+ 66. Kf4 Rb5 67. Rc8 Kg6 68. Rc6 Rf5+ 69. Kg3 Rxf6 70. Rc7 Kg7 71. Kg4 Rf1 72. Rb7 Rb1 73. Kf3 b5 74. Rb6 b4 75. Kf2 b3 76. Kg2 b2 77. Kh2 f5 78. Kg2 f4 0-1

[Event "Ortisei Server24 op 3rd"]
[Site "Ortisei"]
[Date "2016.06.11"]
[Round "9"]
[White "De Santis, Alessio"]
[Black "Zucchelli, Massimo"]
[Result "1-0"]
[WhiteElo "2275"]
[BlackElo "2145"]
[PlyCount "103"]
[EventDate "2016.06.04"]
[EventType "swiss"]
[EventRounds "9"]
[EventCountry "ITA"]
[SourceTitle "CBM 172 Extra"]
[Source "ChessBase"]
[SourceDate "2016.06.21"]
[SourceVersion "1"]
[SourceVersionDate "2016.06.21"]
[SourceQuality "1"]

1. b3 e5 2. Bb2 Nc6 3. c4 d6 4. e3 g6 5. Nc3 Bg7 6. a3 a5 7. h4 h5 8. Be2 Nh6 9. Qc2 Bf5 10. d3 Ng4 11. Nf3 0-0 12. Ng5 Bh6 13. Bc1 Bg7 14. f3 Nh6 15. Bb2 Rb8 16. 0-0-0 Ne7 17. Rdg1 c6 18. g4 hxg4 19. fxg4 Bd7 20. e4 b5 21. Nh3 bxc4 22. dxc4 Qb6 23. Bd1 d5 24. Qf2 Qxf2 25. Nxf2 dxe4 26. Nfxe4 f5 27. Nc5 Bc8 28. g5 Nf7 29. N3a4 e4 30. Bf6 Re8 31. Nc3 Ne5 32. h5 gxh5 33. Bxh5 Nf7 34. Ne2 Ra8 35. Nf4 Ra7 36. Bxf7+ Kxf7 37. Rh7 Rg8 38. Nh5 Kg6 39. Rxg7+ Rxg7 40. Nxg7 Ng8 41. Ne8 Bd7 42. Nd6 Nxf6 43. gxf6+ Kxf6 44. Rf1 Ke5 45. Nf7+ Kf6 46. Nh6 Kg6 47. Nxd7 Kxh6 48. Ne5 Kg5 49. Nxc6 Ra6 50. Ne7 f4 51. Nd5 f3 52. Kd2 1-0

[Event "Arco op 37th"]
[Site "Arco"]
[Date "2015.10.18"]
[Round "9"]
[White "Ottaviani, Gianluca"]
[Black "Zucchelli, Massimo"]
[Result "0-1"]
[WhiteElo "1969"]
[BlackElo "2158"]
[PlyCount "94"]
[EventDate "2015.10.10"]
[EventType "swiss"]
[EventRounds "9"]
[EventCountry "ITA"]
[SourceTitle "CBM 168 Extra"]
[Source "ChessBase"]
[SourceDate "2015.10.29"]
[SourceVersion "1"]
[SourceVersionDate "2015.10.29"]
[SourceQuality "1"]

1. Nf3 d5 2. d4 Nf6 3. c4 e6 4. Nc3 Nbd7 5. Bg5 c6 6. e3 Qa5 7. Nd2 dxc4 8. Bxf6 Nxf6 9. Nxc4 Qd8 10. Be2 Be7 11. 0-0 Nd5 12. Qc2 0-0 13. Rad1 Nxc3 14. bxc3 Qc7 15. e4 b6 16. Ne3 Bb7 17. c4 Rad8 18. Qb3 e5 19. d5 Bc5 20. Nf5 Bc8 21. Qg3 Bxf5 22. exf5 cxd5 23. f6 g6 24. Qg5 Rfe8 25. cxd5 e4 26. Kh1 Qe5 27. Qh4 Rd6 28. Bb5 Red8 29. f4 Qxf6 30. Qxf6 Rxf6 31. g3 Rfd6 32. Bc6 f5 33. Rde1 Kg7 34. a4 h6 35. Re2 Rf6 36. Kg2 Rff8 37. Rd1 Kf6 38. Ree1 g5 39. Rf1 g4 40. Rfe1 h5 41. Kf1 Rd6 42. Ke2 h4 43. Rh1 Rh8 44. Rc1 Ke7 45. Rcd1 Rdh6 46. gxh4 Rxh4 47. d6+ Bxd6 0-1

[Event "Arco op 36th"]
[Site "Arco"]
[Date "2014.10.10"]
[Round "7"]
[White "Anguera Maestro, Jaime"]
[Black "Zucchelli, Massimo"]
[Result "1/2-1/2"]
[WhiteElo "2058"]
[BlackElo "2190"]
[PlyCount "159"]
[EventDate "2014.10.04"]
[EventType "swiss"]
[EventRounds "9"]
[EventCountry "ITA"]
[SourceTitle "CBM 162 Extra"]
[Source "ChessBase"]
[SourceDate "2014.10.17"]
[SourceVersion "1"]
[SourceVersionDate "2014.10.17"]
[SourceQuality "1"]

1. d4 Nf6 2. Nf3 d5 3. e3 c5 4. c3 Nbd7 5. Bd3 g6 6. 0-0 Bg7 7. Nbd2 0-0 8. h3 b6 9. b3 Bb7 10. Bb2 Ne4 11. c4 cxd4 12. exd4 Nxd2 13. Nxd2 Nc5 14. Be2 Ne6 15. Nf3 Nf4 16. Re1 Rc8 17. Bf1 Rc7 18. g3 Ne6 19. Ne5 Ng5 20. h4 Ne4 21. Bg2 f5 22. Bc1 Bxe5 23. dxe5 dxc4 24. Bh6 Qxd1 25. Rexd1 Rfc8 26. bxc4 Kf7 27. Bf1 Ba6 28. Bf4 Ke6 29. f3 Nc3 30. Rd3 Na4 31. Ra3 Nc5 32. Be3 Bb7 33. Be2 Bc6 34. Bxc5 bxc5 35. f4 Rb8 36. Rb3 Rd8 37. Rd1 Rxd1+ 38. Bxd1 Rd7 39. Bf3 Bxf3 40. Rxf3 Rd1+ 41. Rf1 Rd3 42. Kg2 Rc3 43. Rf3 Rc2+ 44. Kh3 Rxa2 45. Rc3 a5 46. g4 a4 47. h5 fxg4+ 48. Kxg4 Ra1 49. hxg6 hxg6 50. Kg5 a3 51. Rg3 Kf7 52. Kg4 Rc1 53. Rxa3 Rxc4 54. Ra6 Rc1 55. Rc6 c4 56. Kf3 c3 57. Ke2 c2 58. Kd2 Rf1 59. Kxc2 Rxf4 60. Kd3 g5 61. Ke3 Rf1 62. Ke4 e6 63. Ke3 Re1+ 64. Kd4 g4 65. Ra6 Re2 66. Rb6 Rf2 67. Ke4 Rf1 68. Ra6 g3 69. Ra2 Rf2 70. Ra3 g2 71. Rg3 Ra2 72. Rg5 Re2+ 73. Kf3 Rxe5 74. Rxg2 Kf6 75. Rg8 Re1 76. Kf4 e5+ 77. Kf3 Ra1 78. Rf8+ Ke7 79. Rh8 Kd7 80. Rh6 1/2-1/2

[Event "Arco op 36th"]
[Site "Arco"]
[Date "2014.10.06"]
[Round "3"]
[White "Joerges, Frank"]
[Black "Zucchelli, Massimo"]
[Result "1/2-1/2"]
[WhiteElo "1949"]
[BlackElo "2190"]
[PlyCount "35"]
[EventDate "2014.10.04"]
[EventType "swiss"]
[EventRounds "9"]
[EventCountry "ITA"]
[SourceTitle "CBM 162 Extra"]
[Source "ChessBase"]
[SourceDate "2014.10.17"]
[SourceVersion "1"]
[SourceVersionDate "2014.10.17"]
[SourceQuality "1"]

1. d4 Nf6 2. Nf3 e6 3. c3 c5 4. Bg5 b6 5. e3 Be7 6. Nbd2 Bb7 7. Bd3 h6 8. Bh4 Nc6 9. Qe2 cxd4 10. exd4 Nd5 11. Bxe7 Qxe7 12. g3 Rc8 13. Ba6 Bxa6 14. Qxa6 0-0 15. 0-0 Nf6 16. Rfe1 d5 17. Ne5 Rc7 18. Re2 1/2-1/2

[Event "Arco op 35th"]
[Site "Arco"]
[Date "2013.10.20"]
[Round "9"]
[White "Astengo, Corrado"]
[Black "Zucchelli, Massimo"]
[Result "1/2-1/2"]
[WhiteElo "2064"]
[BlackElo "2199"]
[PlyCount "32"]
[EventDate "2013.10.12"]
[EventType "swiss"]
[EventRounds "9"]
[EventCountry "ITA"]
[SourceTitle "EXT 2014"]
[Source "ChessBase"]
[SourceDate "2013.11.20"]
[SourceVersion "1"]
[SourceVersionDate "2013.11.20"]
[SourceQuality "1"]

1. e4 e6 2. d4 d5 3. Nd2 c5 4. exd5 Qxd5 5. Ngf3 cxd4 6. Bc4 Qd6 7. 0-0 Nf6 8. Nb3 Nc6 9. Nbxd4 Nxd4 10. Qxd4 Qxd4 11. Nxd4 Bd7 12. Bf4 Rc8 13. Bb3 Bc5 14. Rad1 0-0 15. Rfe1 Rfd8 16. Bg5 Be8 1/2-1/2